000 00449nam a2200181Ia 4500
008 100917s9999 xx 000 0 und d
082 _b7174
100 _aदास देवेश
245 _aरक्तराग
260 _b---
_c1965
300 _a270
365 _b10
520 _aकादंबरी
630 _aरक्तराग
650 _aकादंबरी
730 _aरक्तराग
942 _cBOOK
999 _c612568
_d612565